[Event "I Torneo Low-cost Cape"]
[Site "Madrid ESP"]
[Date "2009.08.10"]
[Round "5.6"]
[White "Escobar Peña, Rafael"]
[Black "Lorente Manzanarez, Luis Santia"]
[Result "1/2-1/2"]
[WhiteElo "1991"]
[BlackElo "1924"]
[PlyCount "92"]
[EventDate "2009.08.03"]
[EventType "swiss"]
[EventRounds "8"]
[EventCountry "ESP"]
[Source "lmi"]
[SourceDate "2009.08.03"]

1. e4 c6 2. d4 d5 3. Nc3 dxe4 4. Nxe4 Nd7 5. Nf3 Ngf6 6. Ng3 e6 7. Bf4 Be7 8.
Qd2 O-O 9. O-O-O Nd5 10. Bc4 b5 11. Bxd5 cxd5 12. Kb1 a5 13. h4 Nb6 14. Ne5 Nc4
15. Nxc4 dxc4 16. Ne2 Bb7 17. f3 Qd7 18. Bg5 Rfd8 19. Qe3 Rac8 20. h5 Bxg5 21.
Qxg5 h6 22. Qe3 e5 23. g4 exd4 24. Rxd4 Qe8 25. Qf2 Qc6 26. Rf1 Re8 27. Ng3
Qxf3 28. a3 Qxf2 29. Rxf2 Rcd8 30. Rfd2 Rxd4 31. Rxd4 Bc6 32. Kc1 Re7 33. a4 b4
34. Rxc4 Bxa4 35. Rc5 Ra7 36. b3 Bd7 37. Nf5 Be6 38. Ne3 a4 39. bxa4 Rxa4 40.
Rb5 Ra3 41. Kd2 b3 42. Rb8+ Kh7 43. c4 Ra2+ 44. Kc3 Re2 45. Kd3 Rb2 46. Kc3 Re2
1/2-1/2

[Event "I Torneo Low-cost Cape"]
[Site "Madrid ESP"]
[Date "2009.08.10"]
[Round "5.7"]
[White "Lucas Garcia, Pedro"]
[Black "Ananian, Arman"]
[Result "1/2-1/2"]
[WhiteElo "1907"]
[BlackElo "1790"]
[PlyCount "58"]
[EventDate "2009.08.03"]
[EventType "swiss"]
[EventRounds "8"]
[EventCountry "ESP"]
[Source "lmi"]
[SourceDate "2009.08.03"]

1. e4 d5 2. exd5 Qxd5 3. Nc3 Qd6 4. d4 Nf6 5. Nf3 a6 6. g3 g6 7. Bg2 Bg7 8. O-O
c6 9. Bf4 Qd8 10. Qd2 Bf5 11. Rfe1 O-O 12. h3 Nbd7 13. g4 Be6 14. Rxe6 fxe6 15.
Ng5 Qb6 16. Nxe6 Rf7 17. b3 Re8 18. Na4 Qa7 19. Ng5 Rff8 20. Ne6 Rf7 21. Re1 b5
22. Nc3 Nb6 23. Be5 Nbd7 24. Bg3 Nb6 25. Ng5 Rff8 26. Qe2 Qd7 27. Ne6 Rf7 28.
Ng5 Rff8 29. Ne6 Rf7 1/2-1/2

[Event "I Torneo Low-cost Cape"]
[Site "Madrid ESP"]
[Date "2009.08.10"]
[Round "5.8"]
[White "Gormaz Lietor, Andres Miguel"]
[Black "Tejedor Ariza, Francisco"]
[Result "0-1"]
[WhiteElo "1825"]
[BlackElo "2170"]
[PlyCount "76"]
[EventDate "2009.08.03"]
[EventType "swiss"]
[EventRounds "8"]
[EventCountry "ESP"]
[Source "lmi"]
[SourceDate "2009.08.03"]

1. d4 Nf6 2. c4 e6 3. Nc3 b6 4. Nf3 Bb7 5. Bf4 Bb4 6. Rc1 Ne4 7. Bd2 Bxc3 8.
Bxc3 O-O 9. e3 f5 10. Be2 d6 11. O-O Nd7 12. d5 e5 13. b4 a5 14. a3 g5 15. Qc2
Ndf6 16. Ba1 g4 17. Nd2 Nxd2 18. Qxd2 Ne4 19. Qc2 Qg5 20. f4 gxf3 21. Rxf3 Kh8
22. Bd3 Rg8 23. Rcf1 Bc8 24. Bxe4 fxe4 25. Rg3 Qh4 26. Rxg8+ Kxg8 27. g3 Qg4
28. Qf2 Qg6 29. c5 Bg4 30. cxb6 cxb6 31. b5 Rc8 32. Qd2 Qe8 33. a4 Rc4 34. Rc1
Rxa4 35. Qc2 Ra3 36. Qc7 Qf8 37. Qxb6 Bh3 38. Qa7 Ra2 0-1

[Event "I Torneo Low-cost Cape"]
[Site "Madrid ESP"]
[Date "2009.08.10"]
[Round "5.9"]
[White "Sierra Soria, Maria"]
[Black "Romero Haro, Florentino"]
[Result "0-1"]
[WhiteElo "1776"]
[BlackElo "1874"]
[PlyCount "136"]
[EventDate "2009.08.03"]
[EventType "swiss"]
[EventRounds "8"]
[EventCountry "ESP"]
[Source "lmi"]
[SourceDate "2009.08.03"]

1. c4 g5 2. d4 Bg7 3. Bxg5 c5 4. Nf3 Qb6 5. Qb3 cxd4 6. Nbd2 Nc6 7. Rb1 d6 8.
a3 h6 9. Bh4 Bf5 10. Rc1 e5 11. Bg3 Nge7 12. Qa2 a5 13. Qb3 Qxb3 14. Nxb3 a4
15. Na1 Na5 16. Nd2 e4 17. Bxd6 Nec6 18. b4 axb3 19. Ndxb3 Nxb3 20. Nxb3 Kd7
21. Bb4 Rhe8 22. h3 h5 23. Rg1 d3 24. g4 hxg4 25. hxg4 Bg6 26. Kd1 Kc7 27. exd3
exd3 28. Nc5 b6 29. Nxd3 Red8 30. Kd2 Be5 31. Ke3 Bd4+ 32. Kf3 Bxd3 33. Bxd3
Ne5+ 34. Ke2 Nxd3 35. Kxd3 Bxf2+ 36. Ke4 Rd4+ 37. Ke5 Bxg1 38. Rxg1 Rxc4 39.
Kf6 Rg8 40. g5 Rf4+ 41. Ke5 Rf2 42. Rc1+ Kb7 43. Rg1 Rg6 44. Ke4 Re6+ 45. Kd3
Rf5 46. Kc2 Rg6 47. Be7 f6 48. Kd3 fxg5 49. Ke4 Rb5 50. Bb4 g4 51. Kf4 g3 52.
Rg2 Rh5 53. Be1 Rh2 54. Rxg3 Rxg3 55. Kxg3 Rb2 56. Kf4 Kc6 57. Ke3 Rb3+ 58. Kd2
Rxa3 59. Kc2 Kb5 60. Kb2 Rh3 61. Bc3 Kc4 62. Bf6 b5 63. Be5 b4 64. Ka2 Re3 65.
Bb2 Re1 66. Bf6 Re2+ 67. Bb2 b3+ 68. Ka3 Rc2 0-1

[Event "I Torneo Low-cost Cape"]
[Site "Madrid ESP"]
[Date "2009.08.10"]
[Round "5.10"]
[White "Tolosana Esteban, Enrique"]
[Black "Bartolome Chicharro, Jesus"]
[Result "1-0"]
[WhiteElo "1861"]
[BlackElo "1823"]
[PlyCount "39"]
[EventDate "2009.08.03"]
[EventType "swiss"]
[EventRounds "8"]
[EventCountry "ESP"]
[Source "lmi"]
[SourceDate "2009.08.03"]

1. c4 e6 2. d4 d5 3. Nc3 c6 4. Nf3 dxc4 5. a4 Bb4 6. Bd2 b5 7. axb5 Bxc3 8.
Bxc3 cxb5 9. g3 Nf6 10. Bg2 Bb7 11. O-O Nbd7 12. Ba5 Qe7 13. b3 cxb3 14. Qxb3
Bd5 15. Qb2 Bc4 16. Rfc1 Nd5 17. e4 N5f6 18. Nd2 Bd3 19. Rc3 Be2 20. Rac1 1-0

[Event "I Torneo Low-cost Cape"]
[Site "Madrid ESP"]
[Date "2009.08.10"]
[Round "5.11"]
[White "Sierra Bermejo, Gregorio"]
[Black "Garcia-Ines Sanchez, Gustavo"]
[Result "1-0"]
[WhiteElo "1763"]
[BlackElo "1793"]
[PlyCount "81"]
[EventDate "2009.08.03"]
[EventType "swiss"]
[EventRounds "8"]
[EventCountry "ESP"]
[Source "lmi"]
[SourceDate "2009.08.03"]

1. c4 e5 2. Nc3 Nf6 3. Nf3 d6 4. g3 Bg4 5. Bg2 Be7 6. h3 Bd7 7. d3 Nc6 8. a3
O-O 9. b4 Rb8 10. Be3 b6 11. Bd2 Re8 12. Qc2 Nd4 13. Nxd4 exd4 14. Nb5 Bxb5 15.
cxb5 d5 16. O-O Bd6 17. Bg5 Be7 18. Rac1 Rc8 19. Qa4 h6 20. Bxf6 Bxf6 21. Rc2
Be5 22. Qb3 Qf6 23. Qxd5 Red8 24. Qe4 Qe6 25. Rc6 Rd6 26. Rfc1 f5 27. Rxd6 cxd6
28. Rxc8+ Qxc8 29. Qc6 Qb8 30. Bd5+ Kh7 31. Be6 Qf8 32. f4 Qf6 33. Qe8 Bxf4 34.
gxf4 Qg6+ 35. Qxg6+ Kxg6 36. Kf2 Kf6 37. Bd7 g5 38. Kg3 h5 39. fxg5+ Kxg5 40.
h4+ Kf6 41. Kf4 1-0

[Event "I Torneo Low-cost Cape"]
[Site "Madrid ESP"]
[Date "2009.08.10"]
[Round "5.13"]
[White "Rodriguez Ballespin, Daniel"]
[Black "Zuazua Conde, Ivan Javier"]
[Result "1-0"]
[WhiteElo "1937"]
[BlackElo "1442"]
[PlyCount "71"]
[EventDate "2009.08.03"]
[EventType "swiss"]
[EventRounds "8"]
[EventCountry "ESP"]
[Source "lmi"]
[SourceDate "2009.08.03"]

1. e4 e5 2. Nc3 Nf6 3. f4 exf4 4. e5 Ng8 5. Nf3 d5 6. d4 g5 7. h3 Be6 8. g3 Be7
9. gxf4 gxf4 10. h4 Nc6 11. Bxf4 a6 12. a3 Qd7 13. Bd3 h5 14. Qd2 O-O-O 15.
O-O-O Bf8 16. Rdf1 Bh6 17. Ng5 Rf8 18. Nxe6 fxe6 19. Bxh6 Rxf1+ 20. Rxf1 Nxh6
21. Bg6 Qe7 22. Qf4 Kd7 23. Bxh5 Nf5 24. Nxd5 exd5 25. Qxf5+ Qe6 26. Qxe6+ Kxe6
27. Bf7+ Kd7 28. Bxd5 Rxh4 29. c3 Rh7 30. Rf7+ Rxf7 31. Bxf7 Ne7 32. Kd2 Nf5
33. d5 Nh6 34. Be6+ Ke7 35. Ke3 c6 36. c4 1-0

[Event "I Torneo Low-cost Cape"]
[Site "Madrid ESP"]
[Date "2009.08.11"]
[Round "6.2"]
[White "Ventas Cosano, David"]
[Black "Baeza Escudero, Javier"]
[Result "1-0"]
[WhiteElo "2148"]
[BlackElo "1946"]
[PlyCount "103"]
[EventDate "2009.08.03"]
[EventType "swiss"]
[EventRounds "8"]
[EventCountry "ESP"]
[Source "lmi"]
[SourceDate "2009.08.03"]

1. Nf3 d5 2. b3 Nf6 3. Bb2 e6 4. g3 Be7 5. Bg2 O-O 6. O-O b6 7. d3 Bb7 8. Nbd2
c5 9. e4 dxe4 10. Ng5 Nbd7 11. Ndxe4 Qc7 12. f4 Rad8 13. Qe2 h6 14. Nh3 Rfe8
15. g4 Nxe4 16. dxe4 c4 17. Rf3 Bf6 18. Bxf6 Nxf6 19. Rg3 Qc5+ 20. Nf2 c3 21.
Qe3 Rd2 22. Qxc5 bxc5 23. Rxc3 Rc8 24. Bf3 g5 25. fxg5 hxg5 26. Rc1 Rd4 27. Rd3
e5 28. Rcd1 Ba6 29. c4 Rcd8 30. Rxd4 exd4 31. Nd3 Nd7 32. e5 Rc8 33. Be4 Nf8
34. Rf1 Rc7 35. Rf6 Bc8 36. h3 Kg7 37. Rc6 Rxc6 38. Bxc6 Ne6 39. Bd5 Nf4 40.
Nxf4 gxf4 41. Bf3 f6 42. exf6+ Kxf6 43. h4 Ke5 44. Kf2 a5 45. Ke2 Be6 46. Kd3
Bf7 47. h5 Bg8 48. g5 Be6 49. Be4 Bf5 50. Bxf5 Kxf5 51. g6 Kf6 52. Ke4 1-0

[Event "I Torneo Low-cost Cape"]
[Site "Madrid ESP"]
[Date "2009.08.11"]
[Round "6.3"]
[White "Caballero Gallego, Luis"]
[Black "Avendano Mateos, Jose"]
[Result "1-0"]
[WhiteElo "1908"]
[BlackElo "1925"]
[PlyCount "71"]
[EventDate "2009.08.03"]
[EventType "swiss"]
[EventRounds "8"]
[EventCountry "ESP"]
[Source "lmi"]
[SourceDate "2009.08.03"]

1. e4 c6 2. c4 d5 3. cxd5 cxd5 4. exd5 Nf6 5. Qa4+ Bd7 6. Qb3 Qc7 7. Nc3 g6 8.
Nf3 Bg7 9. Bc4 O-O 10. O-O a6 11. a4 Bg4 12. Ng5 h6 13. Nge4 Nxe4 14. Nxe4 Nd7
15. d3 Bf5 16. Be3 Rac8 17. Rac1 Qe5 18. f4 Qxb2 19. Qxb2 Bxb2 20. Rb1 b5 21.
axb5 axb5 22. Bxb5 Ba3 23. Ra1 Bc5 24. Nxc5 Nxc5 25. Rfd1 Rfd8 26. Bc4 Nd7 27.
h3 h5 28. Bd4 Ra8 29. Kf2 Rab8 30. Rdb1 Rdc8 31. Rxb8 Rxb8 32. Ra7 Kf8 33. Kf3
h4 34. Bf2 e5 35. dxe6 Nb6 36. Bc5+ 1-0

[Event "I Torneo Low-cost Cape"]
[Site "Madrid ESP"]
[Date "2009.08.11"]
[Round "6.4"]
[White "Romero Haro, Florentino"]
[Black "Tejedor Ariza, Francisco"]
[Result "0-1"]
[WhiteElo "1874"]
[BlackElo "2170"]
[PlyCount "62"]
[EventDate "2009.08.03"]
[EventType "swiss"]
[EventRounds "8"]
[EventCountry "ESP"]
[Source "lmi"]
[SourceDate "2009.08.03"]

1. e4 c5 2. c3 g6 3. Nf3 Bg7 4. Bc4 e6 5. d4 cxd4 6. cxd4 d5 7. exd5 exd5 8.
Bb3 Ne7 9. O-O O-O 10. Nc3 Nbc6 11. h3 Be6 12. Be3 h6 13. Qd2 Kh7 14. g4 Qd7
15. Rfe1 Bxg4 16. Ne5 Nxe5 17. dxe5 Bxh3 18. f4 Rfd8 19. Bd4 Qg4+ 20. Kh2 Qh5
21. Rh1 Be6+ 22. Kg2 Qf5 23. Bc2 Qg4+ 24. Kf2 Bd7 25. e6 Qxe6 26. Rae1 Qd6 27.
f5 Bxd4+ 28. Qxd4 Ng8 29. Reg1 Rf8 30. Ne4 Qf4+ 31. Kg2 dxe4 0-1

[Event "I Torneo Low-cost Cape"]
[Site "Madrid ESP"]
[Date "2009.08.11"]
[Round "6.5"]
[White "Ananian, Arman"]
[Black "Rodriguez De Castro, Ayar"]
[Result "0-1"]
[WhiteElo "1790"]
[BlackElo "2084"]
[PlyCount "92"]
[EventDate "2009.08.03"]
[EventType "swiss"]
[EventRounds "8"]
[EventCountry "ESP"]
[Source "lmi"]
[SourceDate "2009.08.03"]

1. e4 d6 2. d4 Nf6 3. Nc3 Nbd7 4. Nf3 e5 5. dxe5 dxe5 6. Bc4 Be7 7. Bg5 c6 8.
O-O O-O 9. Re1 a5 10. a4 Qc7 11. Nh4 Nb6 12. Bd3 Bg4 13. Qd2 Rad8 14. Qc1 Nbd7
15. h3 Be6 16. Qe3 g6 17. Bh6 Rfe8 18. Nf3 Bc5 19. Qe2 Nh5 20. Kf1 Bb4 21. Bc4
Nc5 22. Bxe6 Nxe6 23. g3 Nd4 24. Nxd4 exd4 25. Qc4 dxc3 26. bxc3 Bf8 27. Bxf8
Rxf8 28. Kg2 Rd2 29. Re2 Qd6 30. Rb1 Rxe2 31. Qxe2 Qe7 32. Qd3 Rd8 33. Qe3 Re8
34. Re1 Nf6 35. e5 Nd5 36. Qd4 Qc7 37. c4 Nb6 38. c5 Nd5 39. c4 Nb4 40. Re2 Qe7
41. Qe3 Na6 42. Qb3 Nxc5 43. Qc3 b6 44. Qc2 Ne6 45. Qe4 c5 46. Qc6 Nd4 0-1

[Event "I Torneo Low-cost Cape"]
[Site "Madrid ESP"]
[Date "2009.08.11"]
[Round "6.6"]
[White "Garcia Sanz, Eduardo"]
[Black "Escobar Peña, Rafael"]
[Result "0-1"]
[WhiteElo "1968"]
[BlackElo "1991"]
[PlyCount "85"]
[EventDate "2009.08.03"]
[EventType "swiss"]
[EventRounds "8"]
[EventCountry "ESP"]
[Source "lmi"]
[SourceDate "2009.08.03"]

1. Nf3 d5 2. c4 c6 3. b3 Nf6 4. g3 e6 5. Bg2 Nbd7 6. Bb2 Be7 7. O-O O-O 8. e3
b6 9. Nd4 Bb7 10. cxd5 cxd5 11. Nc3 Rc8 12. d3 Re8 13. f4 Bf8 14. Rc1 Nc5 15.
b4 Ncd7 16. Ncb5 Rxc1 17. Qxc1 Bxb4 18. Nxa7 Qa8 19. Ndb5 Bd6 20. Nxd6 Qxa7 21.
Nxe8 Nxe8 22. Qa1 Ba6 23. f5 Bxd3 24. fxe6 fxe6 25. Rf2 Ndf6 26. Bh3 Qe7 27.
Bd4 Ne4 28. Rb2 b5 29. a4 e5 30. Bb6 Qd6 31. a5 Qc6 32. Qe1 N8d6 33. Be6+ Kh8
34. Rf2 Nf6 35. Bd8 Nde4 36. Bf7 Qd7 37. Bxf6 gxf6 38. Bh5 Nxf2 39. Qxf2 Qc6
40. Be8 Qd6 41. Qd2 Bc4 42. Bh5 Qa3 43. Kg2 0-1

[Event "I Torneo Low-cost Cape"]
[Site "Madrid ESP"]
[Date "2009.08.11"]
[Round "6.7"]
[White "Garcia Amodia, Daniel"]
[Black "Tolosana Esteban, Enrique"]
[Result "1-0"]
[WhiteElo "1976"]
[BlackElo "1861"]
[PlyCount "206"]
[EventDate "2009.08.03"]
[EventType "swiss"]
[EventRounds "8"]
[EventCountry "ESP"]
[Source "lmi"]
[SourceDate "2009.08.03"]

1. e4 c5 2. d4 cxd4 3. c3 d3 4. Bxd3 Nc6 5. Be3 d6 6. Nd2 Nf6 7. h3 g6 8. Ngf3
Bg7 9. O-O O-O 10. Nd4 Ne5 11. N2f3 Nxd3 12. Qxd3 a6 13. c4 Nd7 14. b4 Qc7 15.
Rac1 b6 16. Nb3 a5 17. c5 bxc5 18. bxc5 Ba6 19. Qd2 Bxf1 20. Kxf1 a4 21. cxd6
Qxd6 22. Qxd6 exd6 23. Nbd4 Nc5 24. Nd2 Rfe8 25. Nb5 Bf8 26. Nc7 Nd3 27. Rd1
Nb4 28. Nxa8 Rxa8 29. a3 Nc2 30. Nc4 Rc8 31. Nb6 Nxe3+ 32. fxe3 Rc3 33. Rd4
Rxa3 34. Rxa4 Rxe3 35. Rd4 Rc3 36. Nd5 Rc2 37. Nf6+ Kg7 38. Ne8+ Kg8 39. Nxd6
Bg7 40. Rd3 Be5 41. Nb5 h5 42. Nd4 Rc4 43. Nf3 Bg3 44. Nd2 Rc1+ 45. Ke2 h4 46.
Nf3 Kg7 47. e5 Rc2+ 48. Rd2 Rxd2+ 49. Kxd2 g5 50. Kd3 Kg6 51. Ke4 Bf4 52. Nd4
Bc1 53. Nc6 Ba3 54. Nd8 Be7 55. Nc6 Bc5 56. Kd5 Ba3 57. Nd4 Bb2 58. Nb5 Kf5 59.
Nd6+ Kg6 60. e6 fxe6+ 61. Kxe6 Bc1 62. Nc4 Bf4 63. Ne5+ Kh5 64. Ng4 Kg6 65.
Ne5+ Kh6 66. Nd3 Bg3 67. Kf5 Kh5 68. Nc5 Bf4 69. Ne6 Be3 70. Kf6 Bc1 71. Kf5
Be3 72. Kf6 Bd2 73. Kf5 Bc1 74. Kf6 Bb2+ 75. Kf5 Ba1 76. Nxg5 Bb2 77. Ne6 Bc1
78. Nf4+ Kh6 79. Kg4 Bd2 80. Nd3 Be3 81. Kxh4 Bd4 82. Kg4 Bf6 83. Nf4 Bb2 84.
Kf5 Bc3 85. g4 Bb2 86. g5+ Kg7 87. h4 Kf7 88. h5 Kg7 89. Nd3 Bd4 90. Ne5 Kh7
91. Kf6 Kg8 92. Kf5 Kg7 93. h6+ Kf8 94. g6 Kg8 95. h7+ Kg7 96. Nf7 Kf8 97.
h8=Q+ Bxh8 98. Nxh8 Kg8 99. Nf7 Kg7 100. Nd6 Kf8 101. Kf6 Kg8 102. g7 Kh7 103.
Kf7 Kh6 1-0

[Event "I Torneo Low-cost Cape"]
[Site "Madrid ESP"]
[Date "2009.08.11"]
[Round "6.8"]
[White "Lorente Manzanarez, Luis Santia"]
[Black "Sierra Bermejo, Gregorio"]
[Result "1-0"]
[WhiteElo "1924"]
[BlackElo "1763"]
[PlyCount "37"]
[EventDate "2009.08.03"]
[EventType "swiss"]
[EventRounds "8"]
[EventCountry "ESP"]
[Source "lmi"]
[SourceDate "2009.08.03"]

1. d4 f5 2. Bg5 g6 3. Nc3 Bg7 4. e4 d6 5. Nf3 fxe4 6. Nxe4 c6 7. Bd3 Qb6 8. Qe2
Qc7 9. c3 Bf5 10. O-O Nd7 11. Rae1 O-O-O 12. Ng3 Bxd3 13. Qxd3 Re8 14. Re2 e5
15. Rfe1 e4 16. Nxe4 Ngf6 17. Bxf6 Nxf6 18. Nxf6 Rxe2 19. Qxe2 1-0

[Event "I Torneo Low-cost Cape"]
[Site "Madrid ESP"]
[Date "2009.08.11"]
[Round "6.9"]
[White "Cepas Castillo, Juan Carlos"]
[Black "Lucas Garcia, Pedro"]
[Result "0-1"]
[WhiteElo "1618"]
[BlackElo "1907"]
[PlyCount "60"]
[EventDate "2009.08.03"]
[EventType "swiss"]
[EventRounds "8"]
[EventCountry "ESP"]
[Source "lmi"]
[SourceDate "2009.08.03"]

1. e4 c5 2. Nc3 e6 3. g3 Nc6 4. Bg2 Nf6 5. d3 Be7 6. f4 d6 7. Nf3 Qb6 8. Rb1
O-O 9. Be3 Bd7 10. h3 a6 11. O-O Qc7 12. Qd2 d5 13. exd5 exd5 14. d4 Ne4 15.
Nxe4 dxe4 16. Ne5 cxd4 17. Nxd7 Qxd7 18. f5 Rad8 19. Rbd1 Rfe8 20. a3 Bf6 21.
g4 Ne5 22. Qb4 Nc6 23. Qb3 b5 24. g5 Be7 25. g6 Bf6 26. Rd2 Na5 27. Qa2 Nc4 28.
Rfd1 Nxe3 29. Rxd4 Bxd4 30. Rxd4 Qa7 0-1

[Event "I Torneo Low-cost Cape"]
[Site "Madrid ESP"]
[Date "2009.08.11"]
[Round "6.10"]
[White "Sierra Soria, Maria"]
[Black "Rodriguez Ballespin, Daniel"]
[Result "0-1"]
[WhiteElo "1776"]
[BlackElo "1937"]
[PlyCount "38"]
[EventDate "2009.08.03"]
[EventType "swiss"]
[EventRounds "8"]
[EventCountry "ESP"]
[Source "lmi"]
[SourceDate "2009.08.03"]

1. c4 e5 2. Nc3 d6 3. Nf3 Bg4 4. e3 Nf6 5. d3 Nbd7 6. Be2 c6 7. O-O Qc7 8. Rb1
a5 9. a3 d5 10. cxd5 Nxd5 11. Qc2 Nxc3 12. bxc3 Bd6 13. Qb3 Nc5 14. Qb6 Qxb6
15. Rxb6 Rb8 16. d4 Na4 17. Rb3 e4 18. Bd1 exf3 19. Re1 Be6 0-1

[Event "I Torneo Low-cost Cape"]
[Site "Madrid ESP"]
[Date "2009.08.11"]
[Round "6.11"]
[White "Bartolome Chicharro, Jesus"]
[Black "Gormaz Lietor, Andres Miguel"]
[Result "1-0"]
[WhiteElo "1823"]
[BlackElo "1825"]
[PlyCount "41"]
[EventDate "2009.08.03"]
[EventType "swiss"]
[EventRounds "8"]
[EventCountry "ESP"]
[Source "lmi"]
[SourceDate "2009.08.03"]

1. b3 d5 2. Bb2 Nf6 3. e3 e6 4. f4 Nbd7 5. Nf3 Be7 6. Be2 Ne4 7. d3 Bf6 8. Qc1
Nd6 9. O-O c5 10. Ne5 O-O 11. Nd2 b6 12. Ndf3 Bb7 13. h3 Nf5 14. Kh2 d4 15.
exd4 cxd4 16. Nxd4 Nxd4 17. Bxd4 Nxe5 18. fxe5 Bxe5+ 19. Bxe5 Qd5 20. Qg5 f6
21. Rxf6 1-0

[Event "I Torneo Low-cost Cape"]
[Site "Madrid ESP"]
[Date "2009.08.11"]
[Round "6.12"]
[White "Zuazua Conde, Ivan Javier"]
[Black "Garcia-Ines Sanchez, Gustavo"]
[Result "1-0"]
[WhiteElo "1442"]
[BlackElo "1793"]
[PlyCount "64"]
[EventDate "2009.08.03"]
[EventType "swiss"]
[EventRounds "8"]
[EventCountry "ESP"]
[Source "lmi"]
[SourceDate "2009.08.03"]

1. d4 Nf6 2. c4 d6 3. Nc3 g6 4. e4 Bg7 5. Be2 O-O 6. Nf3 Nbd7 7. O-O e5 8. h3
a5 9. Be3 b6 10. Qd2 Re8 11. Rad1 Bb7 12. d5 Bc8 13. Bg5 Nc5 14. Qc2 Bd7 15.
Rfe1 Qc8 16. Bf1 Nh5 17. Qd2 f5 18. exf5 Bxf5 19. Nh4 Rf8 20. Nxf5 Qxf5 21. g4
Qf3 22. gxh5 Qxh5 23. h4 h6 24. Be2 Rxf2 25. Kxf2 Rf8+ 26. Kg1 hxg5 27. Bxh5
gxh5 28. Qxg5 Rf4 29. Qxh5 e4 30. Rf1 Nd3 31. Rxf4 Bd4+ 32. Kf1 Nxf4 1-0

[Event "I Torneo Low-cost Cape"]
[Site "Madrid ESP"]
[Date "2009.08.12"]
[Round "7.3"]
[White "Rodriguez De Castro, Ayar"]
[Black "Caballero Gallego, Luis"]
[Result "1-0"]
[WhiteElo "2084"]
[BlackElo "1908"]
[PlyCount "47"]
[EventDate "2009.08.03"]
[EventType "swiss"]
[EventRounds "8"]
[EventCountry "ESP"]
[Source "lmi"]
[SourceDate "2009.08.03"]

1. d4 Nf6 2. c4 g6 3. g3 Bg7 4. Bg2 O-O 5. Nf3 d6 6. O-O Nbd7 7. Nc3 e5 8. d5
Nc5 9. b4 Nce4 10. Nxe4 Nxe4 11. Bb2 f5 12. Qc2 b6 13. Rfd1 f4 14. c5 Bf5 15.
g4 Nxf2 16. gxf5 Nxd1 17. Rxd1 gxf5 18. Bh3 Qf6 19. Kh1 h6 20. Rg1 Kh7 21. cxd6
cxd6 22. Qc6 Rac8 23. Qd7 Rc2 24. Bxf5+ 1-0

[Event "I Torneo Low-cost Cape"]
[Site "Madrid ESP"]
[Date "2009.08.12"]
[Round "7.4"]
[White "Escobar Peña, Rafael"]
[Black "Garcia Amodia, Daniel"]
[Result "0-1"]
[WhiteElo "1991"]
[BlackElo "1976"]
[PlyCount "58"]
[EventDate "2009.08.03"]
[EventType "swiss"]
[EventRounds "8"]
[EventCountry "ESP"]
[Source "lmi"]
[SourceDate "2009.08.03"]

1. e4 e6 2. d4 d5 3. e5 c5 4. c3 Bd7 5. Nf3 Qb6 6. Be2 Bb5 7. Bxb5+ Qxb5 8. Na3
Qb6 9. Nc2 Nc6 10. O-O cxd4 11. cxd4 Nge7 12. a3 Nf5 13. b4 Be7 14. g4 Nh4 15.
Nxh4 Bxh4 16. Kh1 O-O 17. g5 Ne7 18. Qg4 Nf5 19. Be3 Qd8 20. Rg1 Rc8 21. Rac1
Rc3 22. Bd2 Rc4 23. Be3 Qc7 24. Na1 Nxe3 25. Rxc4 Qxc4 26. fxe3 Bf2 27. Rd1
Bxe3 28. Qg3 Bxd4 29. Nb3 Bxe5 0-1

[Event "I Torneo Low-cost Cape"]
[Site "Madrid ESP"]
[Date "2009.08.12"]
[Round "7.5"]
[White "Lucas Garcia, Pedro"]
[Black "Martin Mazuelo, Miguel Angel"]
[Result "0-1"]
[WhiteElo "1907"]
[BlackElo "1929"]
[PlyCount "72"]
[EventDate "2009.08.03"]
[EventType "swiss"]
[EventRounds "8"]
[EventCountry "ESP"]
[Source "lmi"]
[SourceDate "2009.08.03"]

1. e4 c5 2. Nf3 e6 3. d4 cxd4 4. Nxd4 Qb6 5. Nb3 Qc7 6. Nc3 a6 7. Bd3 d6 8. Be3
Nf6 9. Qf3 Nbd7 10. Qe2 Be7 11. a4 b6 12. O-O Bb7 13. f4 Nc5 14. Nxc5 dxc5 15.
Rad1 c4 16. Bxc4 Nxe4 17. Nxe4 Bxe4 18. Bxa6 O-O 19. Rd2 Bf6 20. c3 Bb7 21. Bb5
Rfd8 22. Rfd1 Bd5 23. Qf2 Rab8 24. Bd4 Be7 25. Qg3 f6 26. Qe3 Kf7 27. Qf2 Qc8
28. Be3 Qb7 29. h3 Bc6 30. Qe2 Bxb5 31. Qxb5 Qe4 32. Kf2 Rxd2+ 33. Rxd2 Bc5 34.
Bxc5 Qxf4+ 35. Ke2 bxc5 36. Qd7+ Kf8 0-1

[Event "I Torneo Low-cost Cape"]
[Site "Madrid ESP"]
[Date "2009.08.12"]
[Round "7.6"]
[White "Avendano Mateos, Jose"]
[Black "Baeza Escudero, Javier"]
[Result "0-1"]
[WhiteElo "1925"]
[BlackElo "1946"]
[PlyCount "24"]
[EventDate "2009.08.03"]
[EventType "swiss"]
[EventRounds "8"]
[EventCountry "ESP"]
[Source "lmi"]
[SourceDate "2009.08.03"]

1. d4 d5 2. Nf3 Nf6 3. Bf4 e6 4. e3 c5 5. c3 Nc6 6. Bd3 Qb6 7. Qb3 c4 8. Qxb6
axb6 9. Bc2 b5 10. O-O b4 11. Ne5 b3 12. Bd1 Rxa2 0-1

[Event "I Torneo Low-cost Cape"]
[Site "Madrid ESP"]
[Date "2009.08.12"]
[Round "7.7"]
[White "Rodriguez Ballespin, Daniel"]
[Black "Ananian, Arman"]
[Result "1-0"]
[WhiteElo "1937"]
[BlackElo "1790"]
[PlyCount "43"]
[EventDate "2009.08.03"]
[EventType "swiss"]
[EventRounds "8"]
[EventCountry "ESP"]
[Source "lmi"]
[SourceDate "2009.08.03"]

1. e4 d5 2. exd5 Qxd5 3. d4 Nf6 4. Nf3 a6 5. c4 Qd8 6. Nc3 Bg4 7. Be2 e6 8. Be3
Bb4 9. O-O c6 10. h3 Bh5 11. Qb3 Qe7 12. a3 Ba5 13. Na4 b5 14. Nc5 Nbd7 15.
Nxd7 Nxd7 16. cxb5 cxb5 17. a4 b4 18. Rac1 Bb6 19. Rc6 a5 20. Bf4 Bd8 21. Bb5
h6 22. Re1 1-0

[Event "I Torneo Low-cost Cape"]
[Site "Madrid ESP"]
[Date "2009.08.12"]
[Round "7.9"]
[White "Sierra Bermejo, Gregorio"]
[Black "Romero Haro, Florentino"]
[Result "0-1"]
[WhiteElo "1763"]
[BlackElo "1874"]
[PlyCount "44"]
[EventDate "2009.08.03"]
[EventType "swiss"]
[EventRounds "8"]
[EventCountry "ESP"]
[Source "lmi"]
[SourceDate "2009.08.03"]

1. c4 g5 2. Nc3 Bg7 3. e3 d6 4. Qc2 e5 5. Bd3 Ne7 6. Bxh7 f5 7. Bxf5 Nxf5 8. g3
Nc6 9. a3 Be6 10. d3 Qd7 11. Nf3 g4 12. Ng5 Bf6 13. Nge4 Rf8 14. Bd2 Be7 15.
O-O-O a5 16. h4 gxh3 17. g4 Nh4 18. Nd5 Bxg4 19. Nxe7 Bxd1 20. Qxd1 Nxe7 21.
Qh5+ Neg6 22. Rg1 O-O-O 0-1